| 000 | 01344 a2200361 4500 | ||
|---|---|---|---|
| 999 |
_c200422511 _d39494 |
||
| 001 | 200422511 | ||
| 003 | TR-AnTOB | ||
| 005 | 20190829151409.0 | ||
| 008 | 150723e2008 xxu 001 0 | ||
| 020 | _a9780821375389 (alk. paper) | ||
| 020 | _a9780821375396 | ||
| 040 |
_aDLC _beng _dTR-AnTOB _erda _cTR-AnTOB |
||
| 041 | _aeng | ||
| 050 | 0 |
_aHC244 _b.M57 2008 |
|
| 090 | _aHC244 .M57 2008 | ||
| 100 | 1 |
_aMitra, Pradeep _9107994 |
|
| 245 | 1 | 0 |
_aInnovation, inclusion and integration : _bfrom transition to convergence in Eastern Europe and the former Soviet Union / _cPradeep Mitra. |
| 264 | 1 |
_aWashington, DC : _bWorld Bank, _c[2008] |
|
| 264 | 4 | _c©2008 | |
| 300 |
_axviii, 142 pages : _billustrations ; _c26 cm. |
||
| 336 |
_atext _2rdacontent _btxt |
||
| 337 |
_aunmediated _2rdamedia _bn |
||
| 338 |
_avolume _2rdacarrier _bnc |
||
| 504 | _aIncludes index. | ||
| 590 | _aDünya Bankası / TEPAV tarafından bağışlanmıştır. | ||
| 650 | 0 |
_aGlobalization _xEconomic aspects _zEurope, Eastern _9107995 |
|
| 650 | 0 |
_aGlobalization _xEconomic aspects _zFormer Soviet republics _9107996 |
|
| 651 | 0 |
_9107998 _aFormer Soviet republics _xEconomic conditions _y21st century. |
|
| 651 | 0 |
_aEurope, Eastern _xEconomic conditions _y21st century _9107997 |
|
| 710 | 2 |
_aWorld Bank _919811 |
|
| 942 |
_cBK _2lcc |
||